Statistics for Click the Scary Animal in the Movie

Click here to take the quiz!

General Stats

  • This quiz has been taken 2,782 times
  • The average score is 20 of 30

Answer Stats

HintAnswer% Correct
Grizzly ManBear
92%
Man's Best FriendDog
92%
JawsShark
92%
AnacondaSnake
91%
Deep Blue SeaShark
89%
Eight Legged FreaksSpider
89%
________ DundeeCrocodile
88%
The ____ KingLion
88%
ArachnophobiaSpider
88%
_____s On A PlaneSnake
83%
The Hound of the BaskervillesDog
81%
_____nadoShark
80%
Life of PiTiger
77%
47 Meters DownShark
75%
Every Indiana Jones movieSnake
73%
Peter PanCrocodile
72%
The MegShark
69%
CujoDog
66%
The GreyWolf
63%
The RevenantBear
59%
White FangWolf
58%
Lake PlacidCrocodile
54%
Home AloneSpider
54%
The Great OutdoorsBear
53%
The HangoverTiger
53%
The Lord of the Rings: The Return of the KingSpider
41%
Beauty and the BeastWolf
36%
GladiatorTiger
26%
BeastLion
19%
The Ghost and the DarknessLion
18%

Score Distribution

Percentile by Number Answered

Percent of People with Each Score

Your Score History

You have not taken this quiz